|
|
|
|
| LEADER |
00000nam a2200000 a 4500 |
| 001 |
UCW3967 |
| 003 |
CL-VaPUC |
| 008 |
890616e19740000SP |||||||||||||||||spa|d |
| 082 |
0 |
4 |
|a 155.2
|b LER
|2 21
|
| 100 |
|
|
|a Lersch, Philipp
|e author
|9 428180
|
| 245 |
1 |
3 |
|a La estructura de la personalidad
|
| 300 |
|
|
|a 620 p
|
| 942 |
|
|
|c BK
|
| 945 |
|
|
|d 19890616 00:00:00
|a rbrito
|
| 260 |
|
|
|a Barcelona
|b Scientia
|c 1974
|
| 650 |
|
0 |
|a Personalidad
|9 307255
|
| 583 |
|
|
|a last modification
|c 19890616 00:00:00
|k Rodrigo Vera
|
| 999 |
|
|
|c 217813
|d 217811
|
| 952 |
|
|
|0 0
|1 0
|4 0
|6 155_200000000000000_LER_1974
|7 0
|8 A
|9 206331
|a BIBGIM
|b BIBGIM
|d 2019-11-15
|i 274113K
|o 155.2 LER 1974
|p 274113K
|r 2025-01-15
|w 2019-11-15
|y BK
|k SSL
|
| 952 |
|
|
|0 0
|1 0
|4 0
|6 155_200000000000000_LER_1974
|7 0
|8 P
|9 206332
|a BIBEDU
|b BIBEDU
|c BIBEDU_PB
|d 2019-11-15
|i 2741148
|o 155.2 LER 1974
|p 2741148
|r 2024-01-25
|w 2019-11-15
|y BK
|k EDU
|
| 952 |
|
|
|0 0
|1 0
|4 0
|6 155_200000000000000_LER_1974
|7 0
|8 P
|9 206333
|a BIBEDU
|b BIBEDU
|c BIBEDU_PB
|d 2019-11-15
|i 2741156
|o 155.2 LER 1974
|p 2741156
|r 2024-01-25
|w 2019-11-15
|y BK
|k EDU
|
| 952 |
|
|
|0 0
|1 0
|4 0
|6 155_200000000000000_LER_1974
|7 0
|8 P
|9 206334
|a BIBEDU
|b BIBEDU
|c BIBEDU_PB
|d 2019-11-15
|i 2741172
|o 155.2 LER 1974
|p 2741172
|r 2024-01-25
|w 2019-11-15
|y BK
|k EDU
|
| 952 |
|
|
|0 0
|1 0
|4 0
|6 155_200000000000000_LER_1974
|7 0
|8 P
|9 206335
|a BIBEDU
|b BIBEDU
|c BIBEDU_PB
|d 2019-11-15
|i 2741180
|l 1
|m 2
|o 155.2 LER 1974
|p 2741180
|r 2024-12-09
|s 2024-11-04
|w 2019-11-15
|y BK
|k FIL
|
| 952 |
|
|
|0 0
|1 0
|4 0
|6 155_200000000000000_LER_1974
|7 0
|8 P
|9 206336
|a BIBEDU
|b BIBEDU
|c BIBEDU_PB
|d 2019-11-15
|i 3059855
|o 155.2 LER 1974
|p 3059855
|r 2024-01-25
|w 2019-11-15
|y BK
|k EDU
|